000
00260nam a22001217a 4500
082
_a
643.7 AUD
100
_a
AUDELS
_9
60491
245
_a
AUDELS DO-IT-YOURSELF ENCYCLOPEDIA
250
_a
VOLUME-1
260
_a
PDF
_b
PDF
_c
1960
300
_a
500P
942
_c
BK
999
_c
570196
_d
570196